|
|
|
|
| LEADER |
00000nam0a2200000 4500 |
| 001 |
373483 |
| 005 |
20231102012553.0 |
| 020 |
|
|
|a RU
|b 88-27331
|
| 035 |
|
|
|a (RuTPU)RU\TPU\retro\30913
|
| 035 |
|
|
|a RU\TPU\book\270995
|
| 090 |
|
|
|a 373483
|
| 100 |
|
|
|a 20221216d1987 k y0rusy5003 ca
|
| 101 |
0 |
|
|a rus
|
| 102 |
|
|
|a RU
|
| 105 |
|
|
|a a z 001zy
|
| 200 |
1 |
|
|a Термический анализ и фазовые равновесия
|e межвузовский сборник научых трудов
|f Пермский государственный университет (ПГУ) ; под ред. Ф. Р. Вержбицкого
|
| 210 |
|
|
|a Пермь
|c Изд-во ПГУ
|d 1987
|
| 215 |
|
|
|a 144 с.
|c ил.
|
| 320 |
|
|
|a Библиогр. в конце ст.
|
| 606 |
1 |
|
|a Термический анализ
|2 stltpush
|3 (RuTPU)RU\TPU\subj\59907
|9 77402
|
| 606 |
1 |
|
|a Фазовое равновесие
|2 stltpush
|3 (RuTPU)RU\TPU\subj\60498
|9 77780
|
| 610 |
1 |
|
|a теория
|
| 610 |
1 |
|
|a практическое применение
|
| 610 |
1 |
|
|a методика
|
| 610 |
1 |
|
|a аналитическая химия
|
| 675 |
|
|
|a 543.57
|z rus
|v 4
|
| 675 |
|
|
|a 544.344
|z rus
|v 4
|
| 702 |
|
1 |
|a Вержбицкий
|b Ф. Р.
|g Фаддей Романович
|4 340
|
| 712 |
0 |
2 |
|a Пермский государственный университет (ПГУ)
|2 stltpush
|3 (RuTPU)RU\TPU\col\189
|
| 801 |
|
0 |
|a RU
|b RuMRKP
|c 19950417
|g psbo
|
| 801 |
|
1 |
|a RU
|b 63413507
|c 20140130
|
| 801 |
|
2 |
|a RU
|b 63413507
|c 20221216
|g RCR
|
| 942 |
|
|
|c BK
|